[Event "Pfalz op-B 10th"]
[Site "Neustadt an der Weinstrasse"]
[Date "2019.03.03"]
[Round "5"]
[White "Zell, Mirjam"]
[Black "Toenjes, Juergen"]
[Result "0-1"]
[WhiteElo "1673"]
[BlackElo "1837"]
[PlyCount "80"]
[EventDate "2019.03.01"]
[EventType "swiss"]
[EventRounds "7"]
[EventCountry "GER"]
[SourceTitle "CBM 189 Extra"]
[Source "ChessBase"]
[SourceDate "2019.06.03"]
[SourceVersion "1"]
[SourceVersionDate "2019.06.03"]
[SourceQuality "1"]

1. e4 d5 2. exd5 Qxd5 3. Nc3 Qa5 4. Nf3 Nf6 5. h3 Bf5 6. Bc4 e6 7. 0-0 c6 8. d3 Be7 9. Bd2 Qc7 10. Re1 0-0 11. Ne4 Bxe4 12. dxe4 e5 13. c3 Nbd7 14. Bb3 Rad8 15. Qc1 Nc5 16. Bc2 Nd3 17. Bxd3 Rxd3 18. Qc2 Rfd8 19. Bg5 R3d7 20. Bh4 Nh5 21. Bxe7 Rxe7 22. Rad1 Red7 23. Rxd7 Rxd7 24. Rd1 Nf6 25. Rxd7 Nxd7 26. Qd2 Nf8 27. Qd3 f6 28. Nd2 Qd7 29. Qe3 b6 30. Qe2 Ne6 31. b4 g6 32. Nb3 Nf4 33. Qc2 Kg7 34. a4 h5 35. Kf1 g5 36. Qd2 Qe6 37. Nc1 g4 38. h4 Qc4+ 39. Kg1 Qxe4 40. Qd7+ Kh6 0-1

[Event "Youth District Germany"]
[Site "Wuerzburg"]
[Date "2018.10.04"]
[Round "3.5"]
[White "Mueller, Maximilian3333"]
[Black "Zell, Mirjam"]
[Result "1/2-1/2"]
[WhiteElo "1547"]
[BlackElo "1797"]
[PlyCount "81"]
[EventDate "2018.10.02"]
[EventType "team-swiss"]
[EventRounds "7"]
[EventCountry "GER"]
[SourceTitle "CBM 186 Extra"]
[Source "ChessBase"]
[SourceDate "2018.08.24"]
[SourceVersion "1"]
[SourceVersionDate "2018.08.24"]
[SourceQuality "1"]
[WhiteTeam "Saarland U20"]
[BlackTeam "Wuerttemberg U20 II"]
[WhiteTeamCountry "GER"]
[BlackTeamCountry "GER"]

1. e4 e5 2. Nf3 Nc6 3. Bb5 a6 4. Ba4 Nf6 5. 0-0 d6 6. d4 b5 7. Bb3 Nxd4 8. Nxd4 exd4 9. Re1 Be7 10. e5 dxe5 11. Rxe5 0-0 12. Bg5 c5 13. c4 b4 14. Qd3 Re8 15. Nd2 Qd6 16. Bxf6 Qxf6 17. Rae1 Be6 18. Bc2 g6 19. Qf3 Rec8 20. Bd3 Qxf3 21. Nxf3 Bf6 22. R5e2 a5 23. h3 a4 24. g4 Rd8 25. Nd2 Rac8 26. Re4 Rc7 27. Kg2 Bd7 28. Kg3 Bc6 29. R4e2 Bg7 30. f4 Bf8 31. Ne4 Kg7 32. h4 Re7 33. Nf2 Rde8 34. Rxe7 Rxe7 35. Rxe7 Bxe7 36. b3 axb3 37. axb3 h6 38. Ne4 f5 39. gxf5 gxf5 40. Nf2 Kf6 41. Kh3 1/2-1/2

[Event "GER-chT Federal Cup (Women)"]
[Site "Braunfels"]
[Date "2018.06.01"]
[Round "2.5"]
[White "Mundt, Alexandra"]
[Black "Zell, Mirjam"]
[Result "0-1"]
[WhiteElo "1629"]
[BlackElo "1799"]
[PlyCount "82"]
[EventDate "2018.05.31"]
[EventType "team-swiss"]
[EventRounds "5"]
[EventCountry "GER"]
[SourceTitle "EXT 2020"]
[Source "ChessBase"]
[SourceDate "2019.10.17"]
[SourceVersion "1"]
[SourceVersionDate "2019.10.17"]
[SourceQuality "1"]
[WhiteTeam "Schleswig Holstein (W)"]
[BlackTeam "Wuerttemberg (W) II"]
[WhiteTeamCountry "GER"]
[BlackTeamCountry "GER"]

1. Nf3 Nf6 2. d4 d5 3. c4 e6 4. Nbd2 c6 5. g3 Nbd7 6. Bg2 b6 7. b3 Bb7 8. Bb2 Rb8 9. 0-0 Be7 10. e3 Nf8 11. Ne5 N6d7 12. Ndf3 Nxe5 13. Nxe5 Nd7 14. f4 Nxe5 15. fxe5 0-0 16. e4 Bg5 17. Qe2 Bh6 18. Rad1 Qg5 19. Bc1 Qg6 20. Ba3 Rfd8 21. Bd6 Rbc8 22. exd5 cxd5 23. c5 Rc6 24. b4 bxc5 25. dxc5 Rdc8 26. b5 Rxc5 27. Bxc5 Rxc5 28. a4 Qc2 29. Qf3 Rc7 30. Qa3 Qc5+ 31. Qxc5 Rxc5 32. Rd3 g6 33. Rb3 Bd2 34. Rd3 Bc3 35. Rxc3 Rxc3 36. a5 a6 37. bxa6 Bxa6 38. Rb1 Rc5 39. Ra1 d4 40. Bf1 d3 41. Kf2 Rxe5 0-1

[Event "GER-ch U25-A"]
[Site "Willingen"]
[Date "2017.06.04"]
[Round "2"]
[White "Kracht, Raphael"]
[Black "Zell, Mirjam"]
[Result "1-0"]
[WhiteElo "1821"]
[BlackElo "1640"]
[PlyCount "57"]
[EventDate "2017.06.04"]
[EventType "swiss"]
[EventRounds "9"]
[EventCountry "GER"]
[SourceTitle "CBM 178 Extra"]
[Source "ChessBase"]
[SourceDate "2017.06.22"]
[SourceVersion "1"]
[SourceVersionDate "2017.06.22"]
[SourceQuality "1"]

1. e4 e5 2. Nf3 Nc6 3. Bb5 Nf6 4. 0-0 d6 5. d4 a6 6. Bxc6+ bxc6 7. dxe5 Nxe4 8. exd6 Nxd6 9. Qd4 Be6 10. Re1 Nb5 11. Qa4 Qd7 12. c4 Nd6 13. Ne5 Qc8 14. Qxc6+ Kd8 15. Nxf7+ Nxf7 16. Rxe6 Bd6 17. Be3 Rb8 18. Re4 Rxb2 19. c5 Qb8 20. Nc3 Be5 21. Rd1+ Kc8 22. Nd5 Qb7 23. Qe6+ Kb8 24. Qxf7 Rb1 25. Qf3 Bf6 26. c6 Rxd1+ 27. Qxd1 Qxc6 28. Rb4+ Ka8 29. Nxc7+ 1-0

[Event "GER-chT Federal Cup (Women)"]
[Site "Braunfels"]
[Date "2015.06.05"]
[Round "3.7"]
[White "Zell, Mirjam"]
[Black "Wulf, Birgit"]
[Result "0-1"]
[WhiteElo "1336"]
[BlackElo "1354"]
[PlyCount "148"]
[EventDate "2015.06.04"]
[EventType "team-swiss"]
[EventRounds "5"]
[EventCountry "GER"]
[SourceTitle "CBM 167 Extra"]
[Source "ChessBase"]
[SourceDate "2015.09.14"]
[SourceVersion "1"]
[SourceVersionDate "2015.09.14"]
[SourceQuality "1"]
[WhiteTeam "Wuerttemberg (W)"]
[BlackTeam "Mecklenburg Vorpommern (W)"]
[WhiteTeamCountry "GER"]
[BlackTeamCountry "GER"]

1. e4 c5 2. c4 Nc6 3. Nc3 Nf6 4. g3 d6 5. Bg2 e5 6. Nge2 Be7 7. 0-0 0-0 8. d3 Nd4 9. f4 Nxe2+ 10. Nxe2 exf4 11. Bxf4 Bg4 12. a3 Rb8 13. Rb1 Nh5 14. Bf3 Bxf3 15. Rxf3 Qd7 16. Nc3 Nxf4 17. Rxf4 Bg5 18. Qg4 Qxg4 19. Rxg4 Be3+ 20. Kg2 f5 21. exf5 Rxf5 22. Nd5 Rf2+ 23. Kh3 Bd4 24. Rf4 Rxf4 25. Nxf4 Re8 26. b4 b6 27. b5 g5 28. Nd5 h5 29. Rf1 Kg7 30. g4 h4 31. Rc1 Re2 32. Nc3 Rd2 33. Ne4 Rxd3+ 34. Kg2 h3+ 35. Kh1 Bf6 36. Nxf6 Kxf6 37. Ra1 Rd4 38. a4 Rxc4 39. Kg1 Rxg4+ 40. Kf2 Rg2+ 41. Kf3 g4+ 42. Kf4 d5 43. a5 Rb2 44. axb6 axb6 45. Kxg4 Rxb5 46. Kxh3 Ke5 47. Kg3 d4 48. h4 c4 49. h5 Kf6 50. Rh1 Kg7 51. Kf4 Kh6 52. Ke4 d3 53. Kd4 Rxh5 54. Rg1 Rh4+ 55. Kc3 b5 56. Rb1 Rh5 57. Rg1 Rg5 58. Rf1 Kg6 59. Kd4 Rf5 60. Re1 Kf6 61. Kc3 Re5 62. Rd1 Ke6 63. Kb4 Kd6 64. Rd2 Kc6 65. Rd1 Re2 66. Rb1 Ra2 67. Kc3 Kc5 68. Rb2 Rxb2 69. Kxb2 Kd4 70. Kc1 c3 71. Kd1 b4 72. Kc1 b3 73. Kd1 b2 74. Ke1 b1Q+ 0-1

[Event "GER-chT Federal Cup (Women)"]
[Site "Braunfels"]
[Date "2015.06.04"]
[Round "1.7"]
[White "Zell, Mirjam"]
[Black "Pump, Karen"]
[Result "0-1"]
[WhiteElo "1336"]
[BlackElo "1619"]
[PlyCount "110"]
[EventDate "2015.06.04"]
[EventType "team-swiss"]
[EventRounds "5"]
[EventCountry "GER"]
[SourceTitle "CBM 167 Extra"]
[Source "ChessBase"]
[SourceDate "2015.09.14"]
[SourceVersion "1"]
[SourceVersionDate "2015.09.14"]
[SourceQuality "1"]
[WhiteTeam "Wuerttemberg (W)"]
[BlackTeam "Hamburg (W)"]
[WhiteTeamCountry "GER"]
[BlackTeamCountry "GER"]

1. e4 c5 2. c4 Nc6 3. Nc3 Nf6 4. g3 g6 5. Bg2 Bg7 6. Nge2 0-0 7. 0-0 Rb8 8. d3 b6 9. f4 e6 10. a3 Bb7 11. Rb1 Ne7 12. b4 d5 13. bxc5 bxc5 14. cxd5 exd5 15. e5 Ne8 16. Na4 Qc8 17. Qc2 c4 18. dxc4 dxc4 19. Bxb7 Rxb7 20. Rxb7 Qxb7 21. Qxc4 Nc7 22. Qb4 Qxb4 23. axb4 Ned5 24. Ba3 Rb8 25. Nc5 Nxb4 26. Nd7 Rb7 27. Rb1 Ncd5 28. Nc5 Rb5 29. Nd3 Bf8 30. Nxb4 Bxb4 31. Bxb4 Rxb4 32. Ra1 Rb7 33. Nd4 Nc7 34. Nc6 a6 35. Kf1 Kf8 36. Ra2 Ke8 37. Rd2 Ne6 38. Ke2 Rb6 39. Rd6 Rxc6 40. Rxc6 Nd4+ 41. Kd3 Nxc6 42. Kc4 Kd7 43. Kc5 Kc7 44. h4 Ne7 45. g4 h5 46. gxh5 gxh5 47. Kd4 Nf5+ 48. Ke4 Nxh4 49. f5 a5 50. e6 fxe6 51. fxe6 Kd6 52. Kd4 Ng6 53. Kc4 h4 54. Kb5 h3 55. Kxa5 h2 0-1

[Event "GER-ch U25 op-B"]
[Site "Oberhof"]
[Date "2013.05.22"]
[Round "6"]
[White "Hacklinger, Leon"]
[Black "Zell, Mirjam"]
[Result "1-0"]
[WhiteElo "1008"]
[BlackElo "820"]
[PlyCount "121"]
[EventDate "2013.05.19"]
[EventType "swiss"]
[EventRounds "9"]
[EventCountry "GER"]
[SourceTitle "CBM 154 Extra"]
[Source "ChessBase"]
[SourceDate "2013.06.25"]
[SourceVersion "2"]
[SourceVersionDate "2013.06.25"]
[SourceQuality "1"]

1. e4 e5 2. Nf3 Nc6 3. d4 Bb4+ 4. c3 Bd6 5. d5 Na5 6. Be3 Nf6 7. Be2 Nxe4 8. Bd3 Nf6 9. Bc2 e4 10. Nd4 Qe7 11. 0-0 Nxd5 12. Re1 Nc4 13. Bd2 Nxb2 14. Qc1 Nc4 15. Rxe4 Ne5 16. f4 0-0 17. fxe5 Bxe5 18. Qe1 d6 19. Nf3 Re8 20. Nxe5 Bf5 21. Re2 Bxc2 22. Nc4 Qd7 23. Rxe8+ Rxe8 24. Qg3 Re6 25. Nba3 Bf5 26. Rf1 Rf6 27. Ne3 Ne7 28. c4 Rg6 29. Qf3 Be6 30. Nb5 d5 31. Bc3 dxc4 32. Nd4 c5 33. Nxe6 Qxe6 34. Re1 Qd7 35. Nxc4 h6 36. Ne5 Qa4 37. Nxg6 Nxg6 38. Rf1 Qxa2 39. Qxb7 Nh4 40. g3 Ng6 41. Qc8+ Kh7 42. Qxc5 Kg8 43. Qd4 Kf8 44. Qxg7+ Ke8 45. Qg8+ Kd7 46. Rxf7+ Ne7 47. Rxe7+ Kxe7 48. Qxa2 Kd6 49. Qa5 Kc6 50. Be5 h5 51. Qc7+ Kd5 52. Kf2 a5 53. Ke3 a4 54. Kd3 Ke6 55. Qd6+ Kf5 56. Qf6+ Kg4 57. Qf4+ Kh3 58. g4 Kg2 59. Qg3+ Kh1 60. Bd4 a3 61. Qg1# 1-0